00373nam a2200145Ia 4500008004100000020001500041082001700056100002000073245004300093250000800136260002900144300001400173500002400187650001600211230524s9999 xx 000 0 und d a8178085771 a621.381bWAK aJohn F. Wakerly 0aDigital Design Principles and Practice a7TH aNEW DELHIbPearsonc2004 aXXIII;946 aQuantity Number: 7 aElectronics